00384nam a2200157Ia 4500008004100000020001500041041001200056082001100068100001300079245006000092250000800152260002500160300000800185650001400193700001900207221030s9999 xx 000 0 und d a0070601658 aEnglish a105.23 aZ. Xiang 0aSchaum`s Computer Graphicscby Z. Xiang, R. A. Plastock a2nd bTMHaNew Delhic2009 a407 aComputers aR. A. Plastock